A practical approach to human behavior in business / (Record no. 26034)
[ view plain ]
| 000 -LEADER | |
|---|---|
| fixed length control field | 00701nam a22001935a 4500 |
| 005 - DATE AND TIME OF LATEST TRANSACTION | |
| control field | 20180129115925.0 |
| 008 - FIXED-LENGTH DATA ELEMENTS--GENERAL INFORMATION | |
| fixed length control field | 180129t1984 ohua frb 001 0 eng d |
| 040 ## - CATALOGING SOURCE | |
| Original cataloging agency | EG-ScBUE |
| Language of cataloging | eng |
| Transcribing agency | EG-ScBUE |
| Modifying agency | EG-ScBUE |
| 082 04 - DEWEY DECIMAL CLASSIFICATION NUMBER | |
| Edition number | 22 |
| Classification number | 158.7 |
| Item number | APP |
| 100 1# - MAIN ENTRY--PERSONAL NAME | |
| Personal name | Appell, Allen L. |
| 245 12 - TITLE STATEMENT | |
| Title | A practical approach to human behavior in business / |
| Statement of responsibility, etc | Allen L. Appell. |
| 260 ## - PUBLICATION, DISTRIBUTION, ETC. (IMPRINT) | |
| Place of publication, distribution, etc | Columbus : |
| Name of publisher, distributor, etc | Charles E. Merrill Publishing Company : |
| -- | A Bell & Howell Company, |
| Date of publication, distribution, etc | c.1984. |
| 300 ## - PHYSICAL DESCRIPTION | |
| Extent | xii, 371 p. : |
| Other physical details | ill. ; |
| Dimensions | 24 cm. |
| 504 ## - BIBLIOGRAPHY, ETC. NOTE | |
| Bibliography, etc | Includes bibliographical references and index. |
| 541 ## - IMMEDIATE SOURCE OF ACQUISITION NOTE | |
| Source of acquisition | Donation from David Kirby. |
| 650 #7 - SUBJECT ADDED ENTRY--TOPICAL TERM | |
| Source of heading or term | BUEsh |
| 9 (RLIN) | 12215 |
| Topical term or geographic name as entry element | Psychology, Industrial. |
| 653 ## - INDEX TERM--UNCONTROLLED | |
| Resource For college | Generalities |
| Arrived date list | January2018 |
| 942 ## - ADDED ENTRY ELEMENTS (KOHA) | |
| Source of classification or shelving scheme | Dewey Decimal Classification |
| Withdrawn status | Item status | Source of classification or shelving scheme | Damaged status | Not for loan | Home library | Current library | Shelving location | Date acquired | Source of acquisition | Total Checkouts | Full call number | Barcode | Date last seen | Koha item type |
|---|---|---|---|---|---|---|---|---|---|---|---|---|---|---|
| Dewey Decimal Classification | Central Library | Central Library | Lower Floor | 29/01/2018 | Donation | 158.7 APP | 000047197 | 15/07/2025 | Book - Borrowing |